000 00715nam a2200289Ia 4500
005 20260324111416.0
008 008 260324s9999 xx 000 0 eng d
020 _a9781003322825
037 _aEBOOK
040 _aCRL
040 _beng
040 _cCRL
041 _2eng
041 _aeng
084 _qCRL
100 _aSharon Huizinga; Allen Branton
_91138438
245 0 _aLighting Design Beyond Theatre
245 2 _bA Process for the Evolving Entertainment Industry
260 _bTaylor and Francis
260 _c2025
365 _a
365 _b230
856 _uhttp://www.taylorfrancis.com/books/9781003322825
942 _cEBOOK
999 _c1727248
_d1727248